000 00463nam a2200181Ia 4500
005 20240821071621.0
008 240331s9999 xx 000 0 und d
020 _a0935028188
082 _bBEN
_a613.042
100 _aBenjamin, M
245 0 _aNo free lunch
_bFood & Revolution in Cuba Today
260 _aEngland
_bThird World Publications
_c1984
300 _axii, 240 p .,
650 _aFood Supply
650 _aPolitical
650 _aSocial
942 _cL
999 _c3004
_d3004